Wild man Island / (Record no. 49367)
| 000 -LEADER | |
|---|---|
| fixed length control field | 00401nam a2200133 4500 |
| 020 ## - INTERNATIONAL STANDARD BOOK NUMBER | |
| International Standard Book Number | 046594005991 |
| 100 ## - MAIN ENTRY--PERSONAL NAME | |
| Personal name | Hobbs, Will. |
| 245 ## - TITLE STATEMENT | |
| Title | Wild man Island / |
| Statement of responsibility, etc | Will Hobbs. |
| 260 ## - PUBLICATION, DISTRIBUTION, ETC. (IMPRINT) | |
| Place of publication, distribution, etc | New York: |
| Name of publisher, distributor, etc | Harper Trophy; |
| Date of publication, distribution, etc | 2002. |
| 300 ## - PHYSICAL DESCRIPTION | |
| Extent | 184 p. |
| Dimensions | 19 cm. |
| 650 ## - SUBJECT ADDED ENTRY--TOPICAL TERM | |
| Topical term or geographic name as entry element | Wilderness survival. Archaeology. Caves. Newfoundland dogs. |
| Form subdivision | Fiction. |
| 9 (RLIN) | 86578 |
| 655 ## - INDEX TERM--GENRE/FORM | |
| Genre/form data or focus term | Adventure. |
| 9 (RLIN) | 67602 |
| 942 ## - ADDED ENTRY ELEMENTS (KOHA) | |
| Source of classification or shelving scheme | |
| Koha item type | Book |
No items available.